Del electrón al superheterodino (Record no. 116688)

MARC details
000 -LEADER
campo de control de longitud fija 00793nam a2200217 4500
001 - NÚMERO DE CONTROL
campo de control 116688
003 - IDENTIFICADOR DE NÚMERO DE CONTROL
campo de control ES-MaACL
005 - FECHA Y HORA DE LA ÚLTIMA TRANSACCIÓN
campo de control 20230906190742.0
007 - CAMPO FIJO DE DESCRIPCIÓN FÍSICA--INFORMACIÓN GENERAL
campo de control de longitud fija t|
008 - DATOS DE LONGITUD FIJA--INFORMACIÓN GENERAL
campo de control de longitud fija 061121s1961 sp r ||||1| spa d
100 1# - ENTRADA PRINCIPAL--NOMBRE DE PERSONA
Nombre de persona Otte, J.
9 (RLIN) 87943
245 10 - MENCIÓN DEL TÍTULO
Título Del electrón al superheterodino
Resto del título : curso sencillo para el reparador de radio /
Mención de responsabilidad, etc. J. Otte, Ph.F. Salverda, C.J. Willigen ; revisado y puesto al día por Daniel Santano León, J.M. Fernández Arín.
260 ## - PUBLICACIÓN, DISTRIBUCIÓN, ETC.
Lugar de publicación, distribución, etc. Madrid :
Nombre del editor, distribuidor, etc. Biblioteca técnica Phillips,
Fecha de publicación, distribución, etc. 1961.
300 ## - DESCRIPCIÓN FÍSICA
Extensión 463 p. ;
Dimensiones 24 cm.
700 1# - ENTRADA AGREGADA--NOMBRE PERSONAL
Nombre de persona Salverda, Ph. F.
9 (RLIN) 102129
700 1# - ENTRADA AGREGADA--NOMBRE PERSONAL
Nombre de persona Willigen, C.J.
9 (RLIN) 116975
700 1# - ENTRADA AGREGADA--NOMBRE PERSONAL
Nombre de persona Santano y León, Daniel.
9 (RLIN) 181683
700 1# - ENTRADA AGREGADA--NOMBRE PERSONAL
Nombre de persona Fernández Arin, José María.
9 (RLIN) 49479
852 ## - LOCALIZACIÓN
Ubicación ES-MaACL
Número de control de estantería C-20545
Sublocalización o colección R.49067
Holdings
Estatus retirado Estado de pérdida Estado de daño No para préstamo Biblioteca de origen Biblioteca actual Ubicación en estantería Fecha de adquisición Fuente de adquisición Total de préstamos Signatura topográfica completa Código de barras Visto por última vez Precio de reemplazo Tipo de ítem Koha
        Biblioteca del Ateneo de Madrid Biblioteca del Ateneo de Madrid Galería 17/01/2008     C-20545 1121673 23/02/2023 23/02/2023 Libro impreso